000 00452nam a22001817a 4500
003 MPLRDC
005 20220104114116.0
008 210129b ||||| |||| 00| 0 eng d
020 _a7-5043-1750-0
082 _a782.886 ZEL-5
100 _a程华
245 _a周恩来和他的秘书们
_c
250 _a一版一刷
260 _a
_b中国广播电视出版社
_c1992
300 _b
650 _a周恩来传记
942 _cBK
_o782.886 ZEL-5
999 _c4885
_d4875